[Event "I Open sub-2300 Ciudad de Albacete"]
[Site "Albacete ESP"]
[Date "2012.04.30"]
[Round "7.10"]
[White "Ivanov, Stojan Emilov"]
[Black "Herms Agullo, Jordi"]
[Result "1-0"]
[WhiteElo "2264"]
[BlackElo "2095"]
[PlyCount "109"]
[EventDate "2012.04.27"]
[EventType "swiss"]
[EventRounds "9"]
[EventCountry "ESP"]
[Source "lmi"]
[SourceDate "2012.04.27"]

1. Nf3 g6 2. c4 Bg7 3. d4 d6 4. Nc3 Nf6 5. g3 O-O 6. Bg2 Nbd7 7. O-O e5 8. Qc2
exd4 9. Nxd4 Re8 10. b3 a6 11. Bb2 Rb8 12. Rad1 Qe7 13. Rfe1 Nc5 14. Nd5 Nxd5
15. cxd5 Bd7 16. Rc1 Rbc8 17. b4 Ba4 18. Qc3 Ne4 19. Qa3 Bd7 20. Nf3 Bxb2 21.
Qxb2 Qf6 22. Qxf6 Nxf6 23. Nd4 Ba4 24. Bh3 Bd7 25. Bg2 Ba4 26. e4 c5 27. dxc6
bxc6 28. Bh3 Rc7 29. f3 c5 30. Kf2 Ree7 31. bxc5 Rxc5 32. Rxc5 dxc5 33. Ne2 Nd7
34. Nc3 Bc6 35. Rb1 Ne5 36. Rb6 Rb7 37. Rxa6 Rb2+ 38. Ke3 Rxh2 39. Bf1 Rc2 40.
Nd5 Bxd5 41. exd5 Rc3+ 42. Ke4 Nxf3 43. d6 Ng5+ 44. Ke5 Re3+ 45. Kf4 Re4+ 46.
Kxg5 Kg7 47. g4 f6+ 48. Kh4 h5 49. Kg3 Rxg4+ 50. Kf3 Rd4 51. Bb5 g5 52. Ra7+
Kf8 53. Ra8+ Kf7 54. d7 g4+ 55. Ke3 1-0

[Event "I Open sub-2300 Ciudad de Albacete"]
[Site "Albacete ESP"]
[Date "2012.05.01"]
[Round "8.1"]
[White "Bermejo Martinez, Jorge"]
[Black "Diaz Velandia, Jose Manuel"]
[Result "1-0"]
[WhiteElo "2267"]
[BlackElo "2212"]
[PlyCount "69"]
[EventDate "2012.04.27"]
[EventType "swiss"]
[EventRounds "9"]
[EventCountry "ESP"]
[Source "lmi"]
[SourceDate "2012.04.27"]

1. d4 d5 2. c4 c6 3. Nf3 e6 4. e3 Nf6 5. Nc3 Nbd7 6. Qc2 Bd6 7. Bd3 O-O 8. O-O
dxc4 9. Bxc4 e5 10. h3 Qe7 11. Bb3 Bc7 12. Rd1 Nb6 13. Nxe5 Bxe5 14. dxe5 Qxe5
15. e4 Be6 16. Re1 Nc4 17. f4 Qd4+ 18. Qf2 Qxf2+ 19. Kxf2 Nb6 20. Rd1 Rfe8 21.
Be3 Bxb3 22. axb3 Nfd7 23. Kf3 f6 24. g4 Nf8 25. h4 h6 26. Ne2 Nc8 27. Ng3 b6
28. b4 Re7 29. Nf5 Rc7 30. Rd8 c5 31. b5 c4 32. Rad1 Kf7 33. Nd6+ Nxd6 34. Rxa8
Nxb5 35. Rd5 1-0

[Event "I Open sub-2300 Ciudad de Albacete"]
[Site "Albacete ESP"]
[Date "2012.05.01"]
[Round "8.2"]
[White "Peña Riasco, Alexander"]
[Black "Sanchez Botella, Luis Javier"]
[Result "1-0"]
[WhiteElo "2219"]
[BlackElo "2241"]
[PlyCount "57"]
[EventDate "2012.04.27"]
[EventType "swiss"]
[EventRounds "9"]
[EventCountry "ESP"]
[Source "lmi"]
[SourceDate "2012.04.27"]

1. e4 c5 2. Nf3 e6 3. d4 cxd4 4. Nxd4 a6 5. Bd3 Qc7 6. c4 Nf6 7. Nc3 Be7 8. O-O
O-O 9. Be3 d6 10. f4 g6 11. Qf3 Nbd7 12. Rae1 b6 13. Qg3 Bb7 14. f5 Ne5 15. Be2
Qd7 16. Bg5 Nc6 17. Nb3 Qd8 18. Qh4 Bc8 19. Bd1 Ne5 20. Nd4 Bd7 21. b3 b5 22.
Kh1 Rc8 23. Re3 bxc4 24. Rh3 h5 25. b4 exf5 26. exf5 Kg7 27. Ne4 Neg4 28. Bxg4
Nxg4 29. Bxe7 1-0

[Event "I Open sub-2300 Ciudad de Albacete"]
[Site "Albacete ESP"]
[Date "2012.05.01"]
[Round "8.3"]
[White "Gavilan Diaz, Mario"]
[Black "Bas Mas, Jose Joaquin"]
[Result "1/2-1/2"]
[WhiteElo "2256"]
[BlackElo "2227"]
[PlyCount "48"]
[EventDate "2012.04.27"]
[EventType "swiss"]
[EventRounds "9"]
[EventCountry "ESP"]
[Source "lmi"]
[SourceDate "2012.04.27"]

1. d4 d5 2. c4 e6 3. Nc3 Nf6 4. cxd5 exd5 5. Bg5 Be7 6. e3 O-O 7. Qc2 Nbd7 8.
Bd3 c6 9. Nge2 Re8 10. O-O Nf8 11. f3 Be6 12. Rae1 N6d7 13. Bf4 Rc8 14. Kh1 Nb6
15. Bg3 c5 16. dxc5 Bxc5 17. Nd4 a6 18. Rd1 Qf6 19. Qf2 Bxd4 20. exd4 Bf5 21.
Be5 Qg6 22. Be2 Qc6 23. g4 Bg6 24. Rc1 Nc4 1/2-1/2

[Event "I Open sub-2300 Ciudad de Albacete"]
[Site "Albacete ESP"]
[Date "2012.05.01"]
[Round "8.4"]
[White "Martin Rueda, Daniel"]
[Black "Mingarro Carceller, Sergi"]
[Result "1/2-1/2"]
[WhiteElo "2289"]
[BlackElo "2101"]
[PlyCount "55"]
[EventDate "2012.04.27"]
[EventType "swiss"]
[EventRounds "9"]
[EventCountry "ESP"]
[Source "lmi"]
[SourceDate "2012.04.27"]

1. d4 Nf6 2. c4 e6 3. Nc3 Bb4 4. e3 O-O 5. Nge2 d5 6. a3 Be7 7. cxd5 Nxd5 8.
Nxd5 exd5 9. b4 Nd7 10. Ng3 Nf6 11. Bd3 Re8 12. O-O Bd6 13. Nf5 Bf8 14. f3 g6
15. Ng3 h5 16. Qc2 h4 17. Ne2 Bg7 18. Nc3 Bd7 19. Qf2 b6 20. Qxh4 c5 21. Ne2 c4
22. Bc2 a5 23. Bd2 axb4 24. axb4 Qe7 25. Qf2 Bh6 26. Nf4 Rxa1 27. Rxa1 c3 28.
Bc1 1/2-1/2

[Event "I Open sub-2300 Ciudad de Albacete"]
[Site "Albacete ESP"]
[Date "2012.05.01"]
[Round "8.5"]
[White "Garcia Romero, Benjamin Abel"]
[Black "Jimenez Martinez, Jose Vicente"]
[Result "1/2-1/2"]
[WhiteElo "2196"]
[BlackElo "2276"]
[PlyCount "172"]
[EventDate "2012.04.27"]
[EventType "swiss"]
[EventRounds "9"]
[EventCountry "ESP"]
[Source "lmi"]
[SourceDate "2012.04.27"]

1. c4 g6 2. Nc3 Bg7 3. g3 d6 4. Bg2 e5 5. Rb1 a5 6. e3 Nc6 7. Nge2 Bf5 8. d3
Nf6 9. a3 Qd7 10. h3 O-O 11. b4 axb4 12. axb4 Rfb8 13. Qc2 Ne7 14. Nd5 Nc8 15.
Bb2 Ne8 16. e4 Be6 17. Ne3 c5 18. b5 Ne7 19. h4 Nf6 20. O-O Ng4 21. Bc1 Nxe3
22. Bxe3 Ra7 23. Ra1 Rba8 24. Qb2 b6 25. Bd2 Bg4 26. f3 Be6 27. Kh2 Qb7 28. Bc3
Rxa1 29. Rxa1 Ra7 30. f4 f6 31. Bf3 Qa8 32. Rxa7 Qxa7 33. g4 Qb8 34. Qa1 h6 35.
f5 Bc8 36. Ng3 g5 37. Bd2 Bb7 38. Ne2 Qa8 39. Qc1 Kf7 40. Kg3 Qh8 41. Ng1 gxh4+
42. Kxh4 Qa8 43. Kg3 Ng8 44. Kf2 Qa2 45. Bd1 Qa8 46. Bf3 Qa2 47. Ne2 Kf8 48.
Nc3 Qa8 49. Bd1 Bc8 50. Kg3 Qa7 51. Be3 Bd7 52. Qc2 Ne7 53. Kh4 Be8 54. Qa4
Qxa4 55. Nxa4 Nc8 56. Bd2 Ke7 57. Nc3 Bf7 58. Be2 Kf8 59. Bf3 Kg8 60. Be2 Kf8
61. Bd1 Kg8 62. Na4 Kf8 63. Be2 Ke7 64. Be3 Kf8 65. Bd1 Ke8 66. Nc3 Kf8 67. Bc1
Ne7 68. Bd2 Nc8 69. Be3 Ne7 70. Be2 Nc8 71. Na2 Ke8 72. Nc1 Kf8 73. Bd1 Ke8 74.
Ne2 Kf8 75. Nc3 Ne7 76. Bd2 Nc8 77. Na4 Ke8 78. Kg3 Kd7 79. Nc3 Ke8 80. Kh3 Ne7
81. Ne2 Kf8 82. Ng3 Kg8 83. Kh4 Kh7 84. Nf1 Kg8 85. Ba4 Nc8 86. Ne3 Kf8 1/2-1/2

[Event "I Open sub-2300 Ciudad de Albacete"]
[Site "Albacete ESP"]
[Date "2012.05.01"]
[Round "8.6"]
[White "Lara Lopez, Jose"]
[Black "Uran Bermudez, Oliver Kevin"]
[Result "1-0"]
[WhiteElo "2265"]
[BlackElo "2157"]
[PlyCount "41"]
[EventDate "2012.04.27"]
[EventType "swiss"]
[EventRounds "9"]
[EventCountry "ESP"]
[Source "lmi"]
[SourceDate "2012.04.27"]

1. e4 c6 2. Nc3 d6 3. g3 e5 4. Bg2 Nf6 5. d3 Be7 6. Nge2 Be6 7. h3 b5 8. a3 a5
9. d4 Na6 10. Be3 Rb8 11. f4 Qc7 12. O-O O-O 13. g4 Bc4 14. b3 Bxe2 15. Nxe2
Nd7 16. g5 Nb6 17. f5 g6 18. f6 Bd8 19. Qe1 Nd7 20. Qh4 Re8 21. Qh6 1-0

[Event "I Open sub-2300 Ciudad de Albacete"]
[Site "Albacete ESP"]
[Date "2012.05.01"]
[Round "8.7"]
[White "Sos Andreu, Eric"]
[Black "Ivanov, Stojan Emilov"]
[Result "0-1"]
[WhiteElo "2143"]
[BlackElo "2264"]
[PlyCount "100"]
[EventDate "2012.04.27"]
[EventType "swiss"]
[EventRounds "9"]
[EventCountry "ESP"]
[Source "lmi"]
[SourceDate "2012.04.27"]

1. c4 c6 2. e4 d5 3. exd5 cxd5 4. d4 Nf6 5. Nc3 Nc6 6. Bg5 e6 7. Nf3 dxc4 8.
Bxc4 Be7 9. O-O O-O 10. a3 Bd7 11. Qd3 Rc8 12. Rad1 Nd5 13. Bd2 Nxc3 14. Bxc3
Bf6 15. Ba2 Ne7 16. Bb4 a5 17. Bxe7 Qxe7 18. Rfe1 Ba4 19. Rd2 Qc7 20. h4 Bc6
21. Ng5 Bxg5 22. hxg5 Qf4 23. Qe3 Qg4 24. f3 Qh4 25. Rf1 Rfd8 26. Qe5 Bd5 27.
Bb1 f6 28. gxf6 gxf6 29. Qe3 Kf7 30. g4 Rg8 31. Rh2 Qg3+ 32. Rg2 Qh4 33. Qf4 h6
34. Qd6 Rgd8 35. Qb6 Qg5 36. Qxa5 Bc4 37. Qxg5 hxg5 38. Rd1 Bb3 39. Rd3 Rc1+
40. Kh2 Rh8+ 41. Kg3 Bd5 42. Bc2 f5 43. gxf5 exf5 44. Rc3 f4+ 45. Kf2 Kf6 46.
Ke2 Rh3 47. Rf2 g4 48. Kd2 g3 49. Re2 Rh2 50. Bd1 Rxc3 0-1

[Event "I Open sub-2300 Ciudad de Albacete"]
[Site "Albacete ESP"]
[Date "2012.05.01"]
[Round "8.8"]
[White "Salvador Lopez, Daniel"]
[Black "Fernandez Pena, Pere Emilio"]
[Result "1/2-1/2"]
[WhiteElo "2108"]
[BlackElo "2241"]
[PlyCount "48"]
[EventDate "2012.04.27"]
[EventType "swiss"]
[EventRounds "9"]
[EventCountry "ESP"]
[Source "lmi"]
[SourceDate "2012.04.27"]

1. e4 c5 2. Nf3 e6 3. d3 Nc6 4. g3 d6 5. Bg2 Nf6 6. O-O Be7 7. Nbd2 Bd7 8. Re1
Qc7 9. e5 Nxe5 10. Nxe5 dxe5 11. Nc4 Bc6 12. Bxc6+ Qxc6 13. Nxe5 Qd6 14. Bf4
Qd8 15. Qf3 Qc8 16. Nc4 O-O 17. Nd6 Bxd6 18. Bxd6 Re8 19. g4 Qd7 20. Bg3 Rad8
21. Bh4 Qd4 22. Bxf6 gxf6 23. c3 Qxd3 24. Qxf6 Qg6 1/2-1/2

[Event "I Open sub-2300 Ciudad de Albacete"]
[Site "Albacete ESP"]
[Date "2012.05.01"]
[Round "8.9"]
[White "Serna Lara, Sergio"]
[Black "Villaseñor Rubio, Emilio Jose"]
[Result "1-0"]
[WhiteElo "2228"]
[BlackElo "2136"]
[PlyCount "35"]
[EventDate "2012.04.27"]
[EventType "swiss"]
[EventRounds "9"]
[EventCountry "ESP"]
[Source "lmi"]
[SourceDate "2012.04.27"]

1. d4 Nf6 2. c4 e6 3. Nc3 d5 4. cxd5 exd5 5. Bg5 Be7 6. e3 O-O 7. Qc2 Nbd7 8.
Bd3 Re8 9. Nf3 c6 10. O-O Ne4 11. Bxe4 dxe4 12. Nxe4 Bxg5 13. Nexg5 g6 14. Ne4
Qe7 15. Nc3 Nf6 16. Rfe1 Bf5 17. Qe2 Ne4 18. Nxe4 1-0

[Event "I Open sub-2300 Ciudad de Albacete"]
[Site "Albacete ESP"]
[Date "2012.05.01"]
[Round "8.10"]
[White "Hernandez Funes, Ruben"]
[Black "Plaza Agudo, Juan Francisco"]
[Result "1-0"]
[WhiteElo "2208"]
[BlackElo "2041"]
[PlyCount "81"]
[EventDate "2012.04.27"]
[EventType "swiss"]
[EventRounds "9"]
[EventCountry "ESP"]
[Source "lmi"]
[SourceDate "2012.04.27"]

1. e4 Nf6 2. e5 Nd5 3. d4 d6 4. Nf3 Bg4 5. Be2 e6 6. O-O Be7 7. h3 Bh5 8. c4
Nb6 9. Nc3 dxe5 10. Nxe5 Bxe2 11. Qxe2 O-O 12. Rd1 Qe8 13. Bf4 Na6 14. Rd3 f6
15. Ng4 Qf7 16. c5 e5 17. Nh6+ gxh6 18. Bxh6 Kh8 19. Bxf8 Rxf8 20. cxb6 Nb4 21.
Re3 axb6 22. dxe5 fxe5 23. Rf3 Qg7 24. Rxf8+ Bxf8 25. Re1 Nc6 26. Qh5 Qf6 27.
Re4 h6 28. Qe8 Qe7 29. Qxe7 Bxe7 30. Nd5 Bd6 31. Rg4 b5 32. Nf6 Ne7 33. Ne8 Nf5
34. Nxd6 Nxd6 35. Rg6 Nc4 36. b3 Nd6 37. Rxh6+ Kg8 38. Re6 e4 39. Re7 c5 40.
Rd7 Nf5 41. Rxb7 1-0

[Event "I Open sub-2300 Ciudad de Albacete"]
[Site "Albacete ESP"]
[Date "2012.05.01"]
[Round "9.1"]
[White "Bermejo Martinez, Jorge"]
[Black "Lara Lopez, Jose"]
[Result "1/2-1/2"]
[WhiteElo "2267"]
[BlackElo "2265"]
[PlyCount "23"]
[EventDate "2012.04.27"]
[EventType "swiss"]
[EventRounds "9"]
[EventCountry "ESP"]
[Source "lmi"]
[SourceDate "2012.04.27"]

1. d4 Na6 2. Nf3 c5 3. e4 cxd4 4. Nxd4 g6 5. Bc4 Nf6 6. Nc3 d6 7. f3 Bg7 8. Be3
O-O 9. Qd2 Nc7 10. O-O-O a6 11. h4 b5 12. Bb3 1/2-1/2

[Event "I Open sub-2300 Ciudad de Albacete"]
[Site "Albacete ESP"]
[Date "2012.05.01"]
[Round "9.2"]
[White "Ivanov, Stojan Emilov"]
[Black "Peña Riasco, Alexander"]
[Result "0-1"]
[WhiteElo "2264"]
[BlackElo "2219"]
[PlyCount "104"]
[EventDate "2012.04.27"]
[EventType "swiss"]
[EventRounds "9"]
[EventCountry "ESP"]
[Source "lmi"]
[SourceDate "2012.04.27"]

1. Nf3 d5 2. d4 Nf6 3. c4 c6 4. e3 e6 5. Nc3 Nbd7 6. Qc2 Be7 7. Bd3 O-O 8. O-O
dxc4 9. Bxc4 c5 10. Rd1 cxd4 11. exd4 Nb6 12. Bd3 Bd7 13. Ne5 Rc8 14. Qe2 Bc6
15. Be3 Nbd5 16. Rac1 a6 17. h3 Nxc3 18. bxc3 b5 19. a4 Ba8 20. axb5 axb5 21.
Bxb5 Qd5 22. f3 Nh5 23. c4 Qb7 24. Ra1 Qc7 25. Bf2 Bg5 26. Be3 Ng3 27. Qd2
Bxe3+ 28. Qxe3 Nf5 29. Qf2 Rfd8 30. f4 f6 31. g4 Nd6 32. Nd3 Nxb5 33. cxb5 Qb7
34. Kh2 Qxb5 35. Nc5 Bd5 36. Re1 Ra8 37. Rab1 Qc6 38. Rb2 Rdb8 39. Rbe2 Re8 40.
Kg1 Ra3 41. Re3 Ra2 42. R3e2 Rea8 43. Rxa2 Rxa2 44. Re2 Ra3 45. Re3 Qa8 46. Kh2
Ra1 47. Nxe6 Ra2 48. Re2 Bxe6 49. Qe3 Rxe2+ 50. Qxe2 Qa2 51. Qxa2 Bxa2 52. Kg3
Kf7 0-1

[Event "I Open sub-2300 Ciudad de Albacete"]
[Site "Albacete ESP"]
[Date "2012.05.01"]
[Round "9.3"]
[White "Mingarro Carceller, Sergi"]
[Black "Gavilan Diaz, Mario"]
[Result "1/2-1/2"]
[WhiteElo "2101"]
[BlackElo "2256"]
[PlyCount "30"]
[EventDate "2012.04.27"]
[EventType "swiss"]
[EventRounds "9"]
[EventCountry "ESP"]
[Source "lmi"]
[SourceDate "2012.04.27"]

1. e4 e5 2. Nf3 Nc6 3. d4 exd4 4. Nxd4 Nf6 5. Nxc6 bxc6 6. e5 Qe7 7. Qe2 Nd5 8.
c4 Ba6 9. Nd2 Rb8 10. b3 Nb6 11. Nf3 c5 12. Bb2 Qe6 13. O-O-O Be7 14. Qc2 Bb7
15. h4 Qg4 1/2-1/2

[Event "I Open sub-2300 Ciudad de Albacete"]
[Site "Albacete ESP"]
[Date "2012.05.01"]
[Round "9.4"]
[White "Sanchez Botella, Luis Javier"]
[Black "Serna Lara, Sergio"]
[Result "1/2-1/2"]
[WhiteElo "2241"]
[BlackElo "2228"]
[PlyCount "26"]
[EventDate "2012.04.27"]
[EventType "swiss"]
[EventRounds "9"]
[EventCountry "ESP"]
[Source "lmi"]
[SourceDate "2012.04.27"]

1. d4 d5 2. c4 c6 3. Nf3 Nf6 4. Nc3 a6 5. e3 b5 6. cxd5 cxd5 7. Bd3 e6 8. Ne5
Nbd7 9. f4 Bb7 10. O-O Be7 11. Bd2 O-O 12. Rc1 Ne4 13. Qe2 f6 1/2-1/2

[Event "I Open sub-2300 Ciudad de Albacete"]
[Site "Albacete ESP"]
[Date "2012.05.01"]
[Round "9.5"]
[White "Bas Mas, Jose Joaquin"]
[Black "Hernandez Funes, Ruben"]
[Result "0-1"]
[WhiteElo "2227"]
[BlackElo "2208"]
[PlyCount "78"]
[EventDate "2012.04.27"]
[EventType "swiss"]
[EventRounds "9"]
[EventCountry "ESP"]
[Source "lmi"]
[SourceDate "2012.04.27"]

1. e4 c5 2. Nf3 e6 3. d4 cxd4 4. Nxd4 a6 5. Bd3 Bc5 6. Nb3 Ba7 7. Qe2 Nc6 8.
O-O d6 9. Be3 e5 10. Nc3 Nge7 11. Rad1 Be6 12. Bxa7 Rxa7 13. Bc4 Bxc4 14. Qxc4
b5 15. Qd3 Rd7 16. a4 b4 17. Nd5 Nxd5 18. Qxd5 Qc8 19. Rd2 O-O 20. Rfd1 Rfd8
21. Na5 Nd4 22. Nc4 Rc7 23. Nxe5 dxe5 24. Qxe5 Ne2+ 25. Kf1 Rxd2 26. Rxd2 Nc1
27. Qd6 h6 28. Qd8+ Qxd8 29. Rxd8+ Kh7 30. Rd2 b3 31. c3 Rc4 32. f3 Rxa4 33.
Kf2 Ra1 34. Rd1 a5 35. c4 a4 36. c5 a3 37. c6 axb2 38. c7 b1=Q 39. c8=Q Qc2+
0-1

[Event "I Open sub-2300 Ciudad de Albacete"]
[Site "Albacete ESP"]
[Date "2012.05.01"]
[Round "9.6"]
[White "Prieto Martin, Alfonso"]
[Black "Martin Rueda, Daniel"]
[Result "0-1"]
[WhiteElo "2158"]
[BlackElo "2289"]
[PlyCount "168"]
[EventDate "2012.04.27"]
[EventType "swiss"]
[EventRounds "9"]
[EventCountry "ESP"]
[Source "lmi"]
[SourceDate "2012.04.27"]

1. e4 c5 2. Nf3 e6 3. c3 Nf6 4. e5 Nd5 5. d4 cxd4 6. cxd4 d6 7. Bc4 Nc6 8. O-O
Be7 9. Qe2 O-O 10. a3 a6 11. Rd1 Qc7 12. Bd3 Rd8 13. Bd2 b6 14. Nc3 Nxc3 15.
Bxc3 dxe5 16. dxe5 Bb7 17. Rac1 Rd7 18. Rd2 b5 19. Rdc2 Qb6 20. Be4 Rad8 21. h3
g6 22. Qe1 b4 23. Bd2 Nd4 24. Nxd4 Bxe4 25. Qxe4 Qxd4 26. Qxd4 Rxd4 27. Bxb4
Bxb4 28. axb4 Rxb4 29. Ra1 Rb6 30. Ra5 Rd1+ 31. Kh2 Rd3 32. b4 Rb3 33. Rc4 Kg7
34. Rf4 h5 35. g3 g5 36. Rd4 R3xb4 37. Rxb4 Rxb4 38. Rxa6 Rb5 39. Kg2 Rxe5 40.
Ra3 Re4 41. Rf3 f5 42. Rb3 Kf6 43. Rb5 Rd4 44. Ra5 h4 45. Ra3 hxg3 46. Kxg3 Ke5
47. f3 Rd2 48. Ra5+ Kf6 49. h4 gxh4+ 50. Kxh4 Rg2 51. Kh3 Rg8 52. Kh2 f4 53.
Rb5 Rg3 54. Rb3 Ke5 55. Ra3 Kd4 56. Rb3 Rg5 57. Ra3 Rc5 58. Kh3 Rc4 59. Kg4 e5
60. Kf5 Rb4 61. Kg4 Rc4 62. Rb3 Ra4 63. Rb7 Kd3 64. Rb3+ Kc4 65. Rb7 Ra8 66.
Kf5 Kd4 67. Rb4+ Ke3 68. Rb3+ Kf2 69. Kxe5 Kg3 70. Ke4 Ra4+ 71. Ke5 Ra2 72. Ke4
Re2+ 73. Kd4 Kf2 74. Ra3 Re3 75. Ra1 Kxf3 76. Rf1+ Kg3 77. Rb1 Re7 78. Rg1+ Kf2
79. Rb1 f3 80. Rb2+ Kg1 81. Rb1+ Kg2 82. Rb6 Rg7 83. Ke3 f2 84. Rb2 Re7+ 0-1

[Event "I Open sub-2300 Ciudad de Albacete"]
[Site "Albacete ESP"]
[Date "2012.05.01"]
[Round "9.7"]
[White "Jimenez Martinez, Jose Vicente"]
[Black "Fernandez Manrique, Agustin"]
[Result "1-0"]
[WhiteElo "2276"]
[BlackElo "2188"]
[PlyCount "83"]
[EventDate "2012.04.27"]
[EventType "swiss"]
[EventRounds "9"]
[EventCountry "ESP"]
[Source "lmi"]
[SourceDate "2012.04.27"]

1. d4 Nf6 2. c4 g6 3. Nc3 Bg7 4. e4 d6 5. f3 O-O 6. Be3 c5 7. Nge2 Qa5 8. Qd2
cxd4 9. Nxd4 Qh5 10. Be2 Qh4+ 11. Bf2 Qh6 12. Qxh6 Bxh6 13. Ndb5 Na6 14. Nxa7
Nb4 15. Kd1 e6 16. Ncb5 Rd8 17. a3 Nc6 18. Bb6 Rd7 19. Kc2 d5 20. exd5 exd5 21.
c5 d4 22. Nxc8 Rxc8 23. Nd6 Ra8 24. Bc4 Ne5 25. Kb3 Nxc4 26. Kxc4 Ra6 27. Kb5
Ra8 28. Rad1 Be3 29. Rhe1 Nd5 30. Nc4 Re8 31. Rxd4 Nc7+ 32. Bxc7 Rxd4 33. Rxe3
Rxe3 34. Nxe3 Rd3 35. Nc4 Rb3+ 36. Ka5 f6 37. Bf4 h5 38. Bd2 Rd3 39. Bc3 f5 40.
Kb6 h4 41. Kxb7 h3 42. gxh3 1-0

[Event "I Open sub-2300 Ciudad de Albacete"]
[Site "Albacete ESP"]
[Date "2012.05.01"]
[Round "9.8"]
[White "Fernandez Pena, Pere Emilio"]
[Black "Picazo Lopez, Juan Antonio"]
[Result "1/2-1/2"]
[WhiteElo "2241"]
[BlackElo "2169"]
[PlyCount "63"]
[EventDate "2012.04.27"]
[EventType "swiss"]
[EventRounds "9"]
[EventCountry "ESP"]
[Source "lmi"]
[SourceDate "2012.04.27"]

1. d4 d5 2. Nc3 Nf6 3. Bg5 e6 4. f3 c5 5. e3 Nc6 6. Qd2 a6 7. Nge2 cxd4 8. Nxd4
Bd7 9. Be2 Rc8 10. a3 Nxd4 11. exd4 b5 12. Nd1 Bd6 13. c3 h6 14. Bf4 Bxf4 15.
Qxf4 Qc7 16. Qe3 a5 17. Nf2 O-O 18. Nd3 Ne8 19. O-O Nd6 20. Ne5 Nc4 21. Bxc4
bxc4 22. Rf2 Rb8 23. Re1 Rb6 24. g4 Rfb8 25. Ree2 f6 26. Ng6 Be8 27. Nh4 R8b7
28. f4 Qb8 29. Qc1 Qd8 30. Qf1 Bf7 31. Qe1 f5 32. Nf3 1/2-1/2

[Event "I Open sub-2300 Ciudad de Albacete"]
[Site "Albacete ESP"]
[Date "2012.05.01"]
[Round "9.9"]
[White "Diaz Velandia, Jose Manuel"]
[Black "Salvador Lopez, Daniel"]
[Result "1/2-1/2"]
[WhiteElo "2212"]
[BlackElo "2108"]
[PlyCount "63"]
[EventDate "2012.04.27"]
[EventType "swiss"]
[EventRounds "9"]
[EventCountry "ESP"]
[Source "lmi"]
[SourceDate "2012.04.27"]

1. d4 c6 2. Nf3 Nf6 3. c4 d5 4. e3 g6 5. Nc3 Bg7 6. Be2 O-O 7. O-O Nbd7 8. cxd5
cxd5 9. Qb3 e6 10. Bd2 Ne4 11. Be1 b6 12. Nxd5 Ndc5 13. dxc5 Nxc5 14. Qa3 Qxd5
15. Bb4 Bb7 16. Rfd1 Qe4 17. Ne1 Qe5 18. Bc3 Qg5 19. Bxg7 Kxg7 20. Bf3 Qe7 21.
b4 Bxf3 22. Nxf3 Ne4 23. Rd4 Nf6 24. Ne5 Qc7 25. Nf3 e5 26. Rdd1 Rfd8 27. Qb2
Rxd1+ 28. Rxd1 Re8 29. h3 h6 30. b5 Ne4 31. Qb3 Qc5 32. Rd5 1/2-1/2

[Event "I Open sub-2300 Ciudad de Albacete"]
[Site "Albacete ESP"]
[Date "2012.05.01"]
[Round "9.10"]
[White "Escudero Manzano, Alejandro"]
[Black "Sanchez Quiroga, Miguel Angel"]
[Result "0-1"]
[WhiteElo "2210"]
[BlackElo "2142"]
[PlyCount "72"]
[EventDate "2012.04.27"]
[EventType "swiss"]
[EventRounds "9"]
[EventCountry "ESP"]
[Source "lmi"]
[SourceDate "2012.04.27"]

1. e4 d6 2. d4 Nf6 3. Nc3 e5 4. Nf3 Nbd7 5. Bc4 Be7 6. O-O O-O 7. Qe2 c6 8. a4
a5 9. Rd1 Qc7 10. Ba2 h6 11. h3 Re8 12. dxe5 Nxe5 13. Nd4 Bf8 14. f4 Ned7 15.
Qf3 Nc5 16. Re1 Qb6 17. Kh1 Qb4 18. Be3 Nfxe4 19. Nxe4 Rxe4 20. c3 Qxb2 21. Ne2
d5 22. c4 Bd7 23. Ng3 Rxe3 24. Qxe3 Re8 25. Qc1 Rxe1+ 26. Qxe1 Nxa4 27. cxd5
Nc3 28. Bc4 cxd5 29. Bd3 Bb4 30. Qf1 Bc6 31. Kh2 a4 32. Nf5 a3 33. Qe1 Ne4 34.
Qd1 Nf2 35. Qf1 Nxd3 36. Rb1 Qf6 0-1